Welcome to the Holygrace Academy Library

Please use search bar below to get started

THOTTIYUDE MAKAN (Record no. 8642)

MARC details
000 -LEADER
fixed length control field 00341nam a22001337a 4500
082 ## - DEWEY DECIMAL CLASSIFICATION NUMBER
Classification number 894.812.3
Item number SIV/T
100 ## - MAIN ENTRY--AUTHOR NAME
Personal name SIVASANKARA PILLAI, THAKAZHI
245 ## - TITLE STATEMENT
Title THOTTIYUDE MAKAN
246 ## - VARYING FORM OF TITLE
Title proper/short title THOTTIYUDE MAKAN
Remainder of title THOTTIYUDE MAKAN
260 ## - PUBLICATION, DISTRIBUTION, ETC. (IMPRINT)
Place of publication KOTTAYAM,KERALA INDIA
Name of publisher D C BOOKS
Year of publication 2023
300 ## - PHYSICAL DESCRIPTION
Number of Pages 126
650 ## - SUBJECT ADDED ENTRY--TOPICAL TERM
Topical Term MALAYALAM NOVEL
942 ## - ADDED ENTRY ELEMENTS (KOHA)
Koha item type Books
Holdings
Withdrawn status Lost status Collection code Home library Current library Shelving location Date acquired Source of acquisition Cost, normal purchase price Full call number Accession Number Koha item type
    Fiction Main Library Main Library NEW SHELF WITH NEW ENTRY 07/03/2024 PURCHASED 160.00 894.812.3 SIV/T 13598 Books